书目信息 |
| 书名: | Lu Xun, selected works | |
| 作者: | translated by Yang Xianyi and Gladys Yang. | |
| 分册号: | ||
| 分册名: | Volume four. | 出版地: | Beijing : |
|
| 出版社: | Foreign Languages Press | |
| 出版时间: | 1980. | |
| 页数: | 440 p. : | |
| 开本: | 22 cm. | |
| 丛书名: | ||
| 中图分类号: | ||
| 科图分类号: | ||
| 其他分类号: | I210.2 | |
| 主题词: | ||
| 电子资源: | ||
| 000 | 00973nam 2200277 4504 | |
| 001 | E0736930959 | |
| 005 | 20070309082216.42 | |
| 008 | 030506s1980 xx a 00010 engm | |
| 010 | @a80131088 | |
| 040 | @aDLC@cDLC@dm.c.@dCIN | |
| 041 | 1 | @aengchi |
| 050 | 00 | @aPL2754.S5@bA294 1980 |
| 082 | 0 | @a895.1/35 @2 19 |
| 090 | @aK229.2/W1E/1980 | |
| 090 | @aI210.2 | |
| 099 | @dI210.2@ex4:1 | |
| 100 | 1 | @aLu, Hs鑥n,@d1881-1936. |
| 240 | 00 | @aSelections. English. |
| 245 | 10 | @aLu Xun, selected works / @ctranslated by Yang Xianyi and Gladys Yang.@pVolume four. |
| 260 | 0 | @aBeijing :@bForeign Languages Press,@c1980. |
| 300 | @a440 p. :@bill. ;@c22 cm. | |
| 500 | @aOn verso of t.p., v. 1: 2d ed.; v. 2-4: 3d ed. | |
| 500 | @aOriginally published in 1956-1960 under title: Selected works of Lu Hsun. | |
| 504 | @a"A brief chronology of Lu Xun's life and writing": v. 4, p. 335-343. | |
| 700 | 10 | @aYang, Gladys. |
| 700 | 10 | @aYang, Hsien-i. |
| Lu Xun, selected works / / translated by Yang Xianyi and Gladys Yang.. Volume four.-Beijing : : Foreign Languages Press, , 1980. |
| 440 p. : : ill. ; ; 22 cm. |
| On verso of t.p., v. 1: 2d ed.; v. 2-4: 3d ed.-Originally published in 1956-1960 under title: Selected works of Lu Hsun.-"A brief chronology of Lu Xun's life and writing": v. 4, p. 335-343. |
| ISBN |
| ● |
| 相关链接 |
|
|
|
|
正题名:Lu Xun, selected works
索取号:I210.2/x4:1
 
预约/预借
| 序号 | 登录号 | 条形码 | 馆藏地/架位号 | 状态 | 备注 |
| 1 | 182233 | 000434685 | 第四借阅区/ [索取号:I210.2/x4:1] | 在馆 | |
| 2 | 49264 | 000434541 | 第四借阅区/ [索取号:I210.2/x4:1] | 在馆 |